Charlotte Hornets Leading Rebounder per year - Statistics

General Stats
  • This quiz has been taken 27 times
  • The average score is 21 of 35
Answer Stats
Year Player % Correct
1995 Alonzo Mourning
87%
1994 Alonzo Mourning
87%
1996 Larry Johnson
80%
1993 Larry Johnson
80%
1992 Larry Johnson
80%
2009 Emeka Okafor
73%
2008 Emeka Okafor
73%
2007 Emeka Okafor
73%
2006 Emeka Okafor
73%
2005 Emeka Okafor
73%
2024 Mark Williams
73%
2016 Marvin Williams
73%
2021 Cody Zeller
67%
2020 Cody Zeller
67%
2019 Cody Zeller
67%
2018 Dwight Howard
67%
2011 Gerald Wallace
60%
2010 Gerald Wallace
60%
2023 Mason Plumlee
53%
2022 Mason Plumlee
53%
2002 P.J. Brown
53%
2001 P.J. Brown
53%
2015 Al Jefferson
47%
2014 Al Jefferson
47%
2000 Anthony Mason
47%
1998 Anthony Mason
47%
1997 Anthony Mason
47%
2017 Michael Kidd-Gilchrist
47%
2016 Michael Kidd-Gilchrist
47%
2013 Bismack Biyombo
40%
2012 Bismack Biyombo
40%
1999 Elden Campbell
40%
1991 Armen Gilliam
27%
1990 Armen Gilliam
27%
1989 Kurt Rambis
27%
No matching quizzes found
Score Distribution
Percent of People with Each Score
Percentile by Number Answered
Your Score History
You have not taken this quiz